Por una educación no sexista /
El documento contiene algunas ideas sobre la educación, el sistema educativo costarricense, así como del derecho a la educación, a la igualdad en la educación. Además, de los derechos a becas y subvenciones, a contar con guarderías infantiles y a conocer el papel de las mujeres a la historia.
Saved in:
| Corporate Author: | |
|---|---|
| Format: | Unknown |
| Language: | Spanish |
| Published: |
Costa Rica :
CWF; UNFPA
1995
|
| Series: | Colección Metodologías No.4; Conozcamos Nuestros Derechos, No.6
|
| Subjects: | |
| Tags: |
Add Tag
No Tags, Be the first to tag this record!
|
MARC
| LEADER | 00000 a2200000 04500 | ||
|---|---|---|---|
| 001 | 44573 | ||
| 003 | cru CIDCACS/IIS | ||
| 005 | 20230619101023.0 | ||
| 008 | 050617s1995 cr spa d | ||
| 020 | |a 9968-742-18-X | ||
| 022 | |a [Pendiente] | ||
| 040 | |c CRAI/IIS | ||
| 090 | |a 04.02.01 C397po | ||
| 110 | |a Centro Nacional para el Desarrollo de la Mujer y la Familia | ||
| 245 | |a Por una educación no sexista / |c Centro Nacional para el Desarrollo de la Mujer y la Familia | ||
| 260 | |a Costa Rica : |b CWF; UNFPA |c 1995 | ||
| 300 | |a 23 páginas | ||
| 440 | |a Colección Metodologías No.4; Conozcamos Nuestros Derechos, No.6 | ||
| 520 | |a El documento contiene algunas ideas sobre la educación, el sistema educativo costarricense, así como del derecho a la educación, a la igualdad en la educación. Además, de los derechos a becas y subvenciones, a contar con guarderías infantiles y a conocer el papel de las mujeres a la historia. | ||
| 650 | |a DERECHOS DE HUMANOS | ||
| 650 | |a DERECHOS DE LA MUJER | ||
| 650 | |a ROLES DE LOS GENEROS | ||
| 650 | |a RELACIONES DE GENERO | ||
| 650 | |a EDUCACION | ||
| 650 | |a EDUCACION SEXUAL | ||
| 942 | |2 ddc |c LI |h 04.02.01 C397po |i 08787 |6 040201_C397PO_08787 | ||
| 999 | |c 4712 |d 4712 | ||



